000 01503nam a2200313 i 4500
003 OSt
005 20260625104825.0
008 220523t20202020pau erb 000 f eng d
020 _a9781649370136
_cRM 79.90
_qpaperback
040 _aPPAK
_beng
_cPPAK
_erda
082 0 4 _223
_a813.6
090 0 0 _a813.6
_bWOL
_dG
100 1 _aWolff, Tracy,
_eauthor.
245 1 0 _acrush /
_cTRACY WOLFF ; Edited by Liz Pelletier and Stacy Abrams
250 _aFirst edition
264 1 _aShrewsbury, PA :
_bEntangled Publishing, LLC.,
_c2020
264 4 _c©2020
300 _a668 pages ;
_c21 cm
336 _atext
_2rdacontent
337 _aunmediated
_2rdamedia
338 _avolume
_2rdacarrier
520 _aReturning to Katmere Academy, Grace is haunted by fragments of days she has no recollection of living. She is struggling to understand who, or what, she really is. But just as she starts to feel safe again, Hudson is back with a vengeance. He insists there are secrets Grace doesn't know about, threatening to drive a wedge between her Jaxon. The Circle is caught in a power play and the Vampire Court is trying to drag Grace into their world. The only thing Hudson and Jaxon agree on is that leaving Katmere would mean her certain death. --
_cadapted from jacket
650 1 0 _aGood and evil
_vFiction
650 2 0 _aVampires
_vFiction
650 2 0 _aBoarding schools
_vFiction
700 1 _aPelletier, Liz,
_eeditor.
700 1 _aAbrams, Stacy,
_eeditor.
942 _2ddc
_cB
999 _c204684
_d204684